| 000 | 00900cam a22002415a 4500 | ||
|---|---|---|---|
| 001 | L158055 | ||
| 008 | 140227s2013 xxk f 000 0 eng d | ||
| 020 | _a9780230390584 | ||
| 035 | _a(Sirsi) u158055 | ||
| 041 | 0 | _aeng | |
| 050 | 0 | 4 | _a333.72 COT |
| 100 | 1 | _aCotgrave, Alison | |
| 245 | 0 | 0 | _aTotal Sustainability in the Built Environment |
| 260 |
_aBasingstoke _bPalgrave Macmillan _c2013 |
||
| 300 | _axvii, 308p, 24.5cm | ||
| 520 | _aCovers sustainability issues for the whole life cycle of a construction project, from the planning phase to considering how the building will be used in a sustainable way once construction is completed. Includes all aspects of construction including renewable energy sources and refurbishment. | ||
| 590 | _aKA | ||
| 651 | 4 | _aUnited Kingdom | |
| 690 | _aBUILT ENVIRONMENT | ||
| 690 |
_aSustainability _96271 |
||
| 700 | 1 | _aRiley, Mike | |
| 942 | _n0 | ||
| 999 |
_c115107 _d115107 |
||